banner-ar

مدخل الى اللسانيات / (Record no. 60918)

MARC details
000 -الفاتح
حقل البيانات ثابتة الطول 01083nam a22002777a 4500
005 - وقت وتاريخ اخر تعامل مع التسجيلة
رقم الضبط 20240530110434.0
008 - عناصر البيانات ثابتة الطول - معلومات عامة
حقل البيانات ثابتة الطول 150406s2010 xxu g 000 0 eng d
017 ## - رقم الايداع القانونى
رقم الايداع القانونى 2009/22736
المصدر ( الهيئة المختصة) مصر . دار الكتب المصرية
020 ## - الرقم الدولى المعيارى للكتب
الرقم الدولى المعيارى للكتاب 9789774797533
040 ## - مصدر الفهرسة
وكالة الفهرسة الأصلية EG-CaGPL
082 04 - رقم تصنيف ديوى العشرى
رقم الطبعة 21
رقم التصنيف 401\
رقم المادة م م
100 1# - المدخل الرئيسى - إسم شخصى
الإسم الشخصى مالبرج ، برتيل
245 10 - بيان العنوان
العنوان مدخل الى اللسانيات /
بيان المسئوليه,etc تاليف برتيل مالبرج ؛ ترجمة السيد عبدالظاهر ؛ مراجعة و تقديم صبرى التهامى
250 ## - بيان الطبعة
بيان الطبعة ط1
260 ## - PUBLICATION, DISTRIBUTION, ETC. (IMPRINT)
تاريخ النشر أو التوزيع 2010.
300 ## - الوصف المادى
التعداد 355 ص ؛
أبعاد الوعاء 24 سم
490 ## - بيان السلسلة
عنوان السلسلة المشروع القومى للترجمة ؛
رقم المجلد/ التعيين التسلسلي 1478
650 04 - المدخل الاضافى بالموضوع-مصطلح موضوعى
مصطلح موضوعي اللغة
650 04 - المدخل الاضافى بالموضوع-مصطلح موضوعى
مصطلح موضوعي اللغة السمعية
650 04 - المدخل الاضافى بالموضوع-مصطلح موضوعى
مصطلح موضوعي اللغة البصرية
650 04 - المدخل الاضافى بالموضوع-مصطلح موضوعى
مصطلح موضوعي اللغة
التقسيم الفرعي العام فلسفة
700 0# - المدخل الاضافى - اسم شخصى
الإسم الشخصى السيد عبدالظاهر
الدور مترجم
700 0# - المدخل الاضافى - اسم شخصى
الإسم الشخصى صبرى التهامى
الدور مراجع و مقدم
942 ## - عناصر المدخل الإضافي( كوها)
مصدر التصنيف او مخطط الترفيف Dewey Decimal Classification
Koha [default] item type كتاب
260 ## - PUBLICATION, DISTRIBUTION, ETC. (IMPRINT)
-- القاهرة :
-- المركز القومى للترجمة ،
Holdings
حالة التراجع حالة الفقد حالة تلف ليس للاعارة المكان المؤقت الموقع الحالى تاريخ الاكتساب اجمالي اﻻعارات رقم الطلب الباركود تاريخ اخر مشاهدة تاريخ تفعيل السعر نوع وعاء كوها
        مكتبة القاهرة الكبرى مكتبة القاهرة الكبرى 04/06/2015   401\ م م 160099 04/06/2015 04/06/2015 كتاب

Powered By

EGPV